000 00618cab a2200205 4500
001 ##L133272
008 060425n2006 000 0 eng u
035 _a(Sirsi) u133272
041 0 _aeng
100 1 _aSwerling, Leon
245 0 0 _aProperty
_badverse possession
_bthe new law transitions provisions
260 _c2006
490 0 _aEMIS Property Service
_v4(4) April 2006, 3-4(2)
520 _aBriefly summarises various regimes of adverse possession.
590 _aIKA090506
650 2 4 _aPYE V GRAHAM
690 _aPROPERTY-PROPERTY ACQUISITION AND DISPOSAL
700 1 _aKilcoyne, Desmond
942 _n0
999 _c76898
_d76898